<?xml version="1.0" encoding="UTF-8"?>
<marc:record xmlns:marc="http://www.loc.gov/MARC21/slim">
   <marc:leader>00000nam a2200000 a 4500</marc:leader>
   <marc:datafield ind1="1" ind2=" " tag="100">
      <marc:subfield code="a">Safier, David</marc:subfield>
      <marc:subfield code="4">aut</marc:subfield>
      <marc:subfield code="e">Verfasser/-in</marc:subfield>
   </marc:datafield>
   <marc:datafield ind1=" " ind2=" " tag="653">
      <marc:subfield code="a">Krimi</marc:subfield>
   </marc:datafield>
   <marc:datafield ind1=" " ind2=" " tag="653">
      <marc:subfield code="a">Deutschland</marc:subfield>
   </marc:datafield>
   <marc:datafield ind1=" " ind2=" " tag="653">
      <marc:subfield code="a">Mord</marc:subfield>
   </marc:datafield>
   <marc:datafield ind1=" " ind2=" " tag="653">
      <marc:subfield code="a">Bundeskanzler</marc:subfield>
   </marc:datafield>
   <marc:datafield ind1=" " ind2=" " tag="653">
      <marc:subfield code="a">Rente</marc:subfield>
   </marc:datafield>
   <marc:datafield ind1=" " ind2=" " tag="653">
      <marc:subfield code="a">Uckermark</marc:subfield>
   </marc:datafield>
   <marc:datafield ind1=" " ind2=" " tag="653">
      <marc:subfield code="a">Bundeskanzlerin</marc:subfield>
   </marc:datafield>
   <marc:datafield ind1="0" ind2="0" tag="245">
      <marc:subfield code="a">Miss Merkel</marc:subfield>
   </marc:datafield>
   <marc:datafield ind1="0" ind2="0" tag="245">
      <marc:subfield code="b">Mord in der Uckermark ; Roman</marc:subfield>
   </marc:datafield>
   <marc:datafield ind1=" " ind2="1" tag="264">
      <marc:subfield code="b">Kindler</marc:subfield>
      <marc:subfield code="c">2021</marc:subfield>
   </marc:datafield>
   <marc:datafield ind1="1" ind2=" " tag="520">
      <marc:subfield code="a">Was macht Angela Merkel, wenn sie in Rente geht? Sie löst Kriminalfälle in der Uckermark.

Der herrlich komische neue Roman von Bestsellerautor David Safier: Die Kanzlerin ist seit sechs Wochen in Rente und mit Mann und Mops in die Uckermark gezogen, genauer gesagt nach Kleinfreudenstadt, gelegen am schönen Dumpfsee. Nach dem turbulenten Leben in Berlin fällt es ihr jedoch schwer, sich auf das beschauliche Landleben einzulassen. Nur zu backen und zu wandern, wird halt schnell fad. Als jedoch der Freiherr Philip von Baugenwitz vergiftet in einem von innen verriegelten Schlossverlies gefunden wird, erwacht neues Leben in Angela. Endlich wieder ein Problem, das gelöst werden will! Unterstützt von ihrem liebenden Ehemann und dem sanften Bodyguard Mike macht sie sich auf die gefährliche Suche nach dem Mörder. Wird sie ihn finden? Wird sie in Klein-Freudenstadt heimisch werden? Gar das erste Mal in ihrem Leben eine wahre Freundin finden? Oder wird eine der sechs verdächtigen Frauen ihr zuvor den Garaus machen? Fragen, die nur eine große Detektivin beantworten kann! Ein Cosy Crime mit Deutschlands beliebtester Politikerin.</marc:subfield>
   </marc:datafield>
   <marc:datafield ind1=" " ind2=" " tag="020">
      <marc:subfield code="a">9783463406657</marc:subfield>
      <marc:subfield code="9">9783463406657</marc:subfield>
   </marc:datafield>
</marc:record>
